Introducción a la vida devota
Guardat en:
| Autor principal: | |
|---|---|
| Format: | Llibre |
| Idioma: | espanyol |
| Publicat: |
Madrid
Administración del Apostolado de la Prensa
1914
|
| Edició: | 9a. ed |
| Col·lecció: | Biblioteca del Apostolado de la Prensa
|
| Matèries: | |
| Etiquetes: |
Afegir etiqueta
Sense etiquetes, Sigues el primer a etiquetar aquest registre!
|
MARC
| LEADER | 00000cam a2200000 a 4500 | ||
|---|---|---|---|
| 001 | UCD0280 | ||
| 003 | CL-VaPUC | ||
| 008 | 151120e19140000sp |||||||||||||||||spa|d | ||
| 082 | 0 | 4 | |a 248.2 |b FRA |2 21 |
| 100 | 0 | |a San Francisco de Sales |e author |9 350306 | |
| 245 | 1 | 0 | |a Introducción a la vida devota |
| 250 | |a 9a. ed | ||
| 300 | |a t | ||
| 942 | |c BK | ||
| 945 | |d 20151120 13:39:00 |a gsalatino | ||
| 260 | |a Madrid |b Administración del Apostolado de la Prensa |c 1914 | ||
| 650 | 0 | |a Espiritualidad |9 267331 | |
| 650 | 0 | |a Vida cristiana |9 258753 | |
| 583 | |a last modification |c 20151120 13:39:00 |k Rodrigo Vera | ||
| 490 | 0 | |a Biblioteca del Apostolado de la Prensa | |
| 999 | |c 361846 |d 361844 | ||
| 952 | |0 0 |1 0 |3 erd |4 0 |6 248_200000000000000_FRA_1914 |7 0 |8 P |9 472582 |a BIBTEO |b BIBTES |c TEO_FTES |h t.16 p.1 |i 5270987 |o 248.2 FRA 1914 |p 5270987 |r 2024-01-18 |w 2019-11-24 |y BK |z Catalogado en:20151120 |k ICR | ||